000 00865cam a2200277 a 4500
001 000017462
005 20200929165124.0
008 930730s1988 cu 000 0 spa d
035 _a(DLC) 92131960
035 _a(OCoLC)20736813
035 _ac500
035 _a(NOTIS)AGN1756
040 _aDO-SdBNP
_bspa
_cFU
_dDLC
_dBNPHU
082 _aU861.44
_bA284p
100 1 _aAgustini, Delmira,
_d1886-1914.
_915513
245 1 0 _aPoesía /
_cDelmira Agustini ; edición Clara Hernández.
260 _aCiudad de La Habana :
_bCasa de las Américas,
_c1988.
300 _a170 p. ;
_c19 cm.
490 1 _aLiteratura latinoamericana
650 4 _aPoesía uruguaya
_93846
650 4 _aLiteratura uruguaya
_93054
700 1 _aHernández, Clara,
_eed.
_94129
830 0 _aLiteratura latinoamericana.
_9500
910 _aCatalogación por copia / LC
049 _aBNGR
999 _c16987
_d16987